Captains caurageous : a story of the Grand Banks (Record no. 1076)
[ view plain ]
| 000 -LEADER | |
|---|---|
| fixed length control field | 00293nam a2200109 4500 |
| 082 ## - DEWEY DECIMAL CLASSIFICATION NUMBER | |
| Classification number | 823.912 |
| Item number | KIP |
| 100 ## - MAIN ENTRY--PERSONAL NAME | |
| Personal name | Kipling, Rudyard |
| 245 ## - TITLE STATEMENT | |
| Title | Captains caurageous : a story of the Grand Banks |
| Statement of responsibility, etc. | Rudyard Kipling |
| 260 ## - PUBLICATION, DISTRIBUTION, ETC. | |
| Place of publication, distribution, etc. | London |
| Name of publisher, distributor, etc. | Macmillan |
| Date of publication, distribution, etc. | 1963 |
| 300 ## - PHYSICAL DESCRIPTION | |
| Extent | 241p.; 20cm. |
| 500 ## - GENERAL NOTE | |
| General note | 1865-1936 |
| Withdrawn status | Lost status | Damaged status | Not for loan | Collection code | Home library | Current library | Date acquired | Total Checkouts | Full call number | Barcode | Date last seen | Price effective from | Koha item type | Copy number |
|---|---|---|---|---|---|---|---|---|---|---|---|---|---|---|
| ENGLISH | North Eastern Hill University | North Eastern Hill University | 18/11/2011 | 823.912 KIP | A343 | 18/11/2011 | 18/11/2011 | Books | ||||||
| ACADEMIC STAFF COLLEGE | North Eastern Hill University | North Eastern Hill University | 18/11/2011 | 823.912 KIP | 3335 | 18/11/2011 | 18/11/2011 | Books | ;1 |
